000 00327nam a22001457a 4500
008 210528b ||||| |||| 00| 0 eng d
020 _a9780323017398
041 _aeng
080 _24th
_a610.73
082 _a610.73
100 _a1
101 _aINF
245 _aPsychiatric Nursing
_cNorman L. Keltner
942 _2udc
_cBK
999 _c57771
_d57771